[Event "Challenge"]
[Site "http://www.queenalice.com/game.php?id=1518266"]
[Date "2018.3.3"]
[Round "-"]
[White "mmagari"]
[Black "sabat"]
[Result "1-0"]
[WhiteElo "2413"]
[BlackElo "2319"]

1. g3 d5 2. Bg2 c6 3. d3 e5 4. Nd2 Nf6 5. e3 Bd6 6. Ne2 O-O 7. h3 Be6 8. b3 Nfd7
9. Bb2 f5 10. d4 e4 11. c4 g5 12. h4 f4 13. gxf4 gxf4 14. Nxf4 Bxf4 15. exf4
Rxf4 16. Qe2 Rxh4 17. Rg1 Qg5 18. O-O-O Rg4 19. f3 Rg3 20. fxe4 dxc4 21. Qf2 1-0

[Event "Challenge"]
[Site "http://www.queenalice.com/game.php?id=1518305"]
[Date "2018.3.4"]
[Round "-"]
[White "mmagari"]
[Black "popcorn"]
[Result "1-0"]
[WhiteElo "2407"]
[BlackElo "2323"]

1. g3 e5 2. Bg2 Nc6 3. d3 Nf6 4. Nd2 g6 5. e3 Bg7 6. b3 O-O 7. Bb2 Re8 8. Ne2 d5
9. a3 Be6 10. h3 Nd7 11. O-O f5 12. d4 Qe7 13. c4 e4 14. Nf4 Nf6 15. cxd5 Bxd5
16. Nxd5 Nxd5 17. b4 Qd6 18. Rc1 Nce7 19. Qc2 Kh8 20. Nc4 Qe6 21. Ne5 Bh6 22. h4
g5 23. g4 gxh4 24. gxf5 Nxf5 25. Qxe4 Rg8 26. Rxc7 Rxg2+ 27. Qxg2 Nd6 28. Rd7
Rf8 29. Kh1 1-0

[Event "Challenge"]
[Site "http://www.queenalice.com/game.php?id=1518306"]
[Date "2018.3.4"]
[Round "-"]
[White "popcorn"]
[Black "mmagari"]
[Result "0-1"]
[WhiteElo "2334"]
[BlackElo "2375"]

1. d4 g6 2. Nf3 Bg7 3. g3 d6 4. Bg2 Nd7 5. O-O c6 6. e4 e5 7. Re1 Qe7 8. c3 Nh6
9. Na3 f6 10. Nc2 O-O 11. Bd2 Nf7 12. Rc1 Nb6 13. b3 f5 14. dxe5 dxe5 15. c4
fxe4 16. Rxe4 Bf5 17. Re1 Rad8 18. Ne3 Bd3 19. Bf1 e4 20. Bxd3 Rxd3 21. Nf1 Bf6
22. Nh4 Bxh4 23. gxh4 Qxh4 24. Qe2 Ne5 0-1

[Event "Challenge"]
[Site "http://www.queenalice.com/game.php?id=1518846"]
[Date "2018.3.8"]
[Round "-"]
[White "mmagari"]
[Black "Patolfo"]
[Result "1/2-1/2"]
[WhiteElo "2374"]
[BlackElo "2401"]

1. g3 d5 2. Bg2 e5 3. d3 Nf6 4. Nd2 Bc5 5. e3 O-O 6. Ne2 Re8 7. a3 a5 8. b3 Be6
9. Bb2 Nc6 10. h3 Qd7 11. g4 d4 12. e4 Bd6 13. f4 exf4 14. Nf3 h5 15. g5 Nh7 16.
Qd2 Qe7 17. h4 Bg4 18. Nxf4 Nf8 19. O-O Bxf4 20. Qxf4 Ng6 21. Qg3 Qd7 22. Rf2 a4
23. b4 b5 24. Rc1 Rad8 25. c3 dxc3 26. Rxc3 Qd6 27. Qxd6 Rxd6 28. e5 Ncxe5 29.
Nxe5 Nxe5 30. Rxc7 Nxd3 31. Rfxf7 Re1+ 32. Kh2 Nxb2 33. Rxg7+ Kf8 34. Rh7 Kg8
35. Rcg7+ Kf8 36. Ra7 Kg8 37. Rhg7+ Kh8 38. Rh7+ Kg8 39. Rhg7+ Kf8 40. Rgf7+ Kg8
41. Rg7+ Kh8 42. Rh7+ Kg8 43. Rhg7+ Kh8 44. Rh7+ Kg8 45. Rhg7+ Kf8 46. Rh7 Kg8
1/2-1/2

[Event "Challenge"]
[Site "http://www.queenalice.com/game.php?id=1518847"]
[Date "2018.3.8"]
[Round "-"]
[White "Patolfo"]
[Black "mmagari"]
[Result "1/2-1/2"]
[WhiteElo "2399"]
[BlackElo "2441"]

1. d4 g6 2. e4 Bg7 3. Nc3 c6 4. f4 d5 5. e5 h5 6. Nf3 Nh6 7. Be3 Bg4 8. h3 Bxf3
9. Qxf3 Nf5 10. Bf2 h4 11. Bd3 e6 12. O-O Bf8 13. a4 a5 14. Nd1 Nd7 15. c3 Be7
16. Ne3 Qb6 17. b3 Kf8 18. Nxf5 gxf5 19. Rfb1 Kg7 20. b4 Qc7 21. Kh2 Nf8 22. b5
Rc8 23. bxc6 bxc6 24. c4 dxc4 25. Bxc4 Rb8 26. Rb3 Ng6 27. Rc3 Qd7 28. Be3 Rb2
29. Qd1 Rhb8 30. Rac1 Bd8 31. Kh1 Ne7 32. Bg1 Nd5 33. Rf3 R8b4 34. g4 hxg3 35.
Rxg3+ Kh6 36. Rc2 Rxc2 37. Qxc2 Ne7 38. d5 cxd5 39. Bb5 Qc7 40. Qxc7 Bxc7 41.
Bc5 Rb1+ 42. Rg1 Rxg1+ 43. Kxg1 Ng6 44. Kf2 Kg7 45. Kg3 Bd8 46. Bd4 f6 47. exf6+
Bxf6 48. Bb6 Bc3 49. Kf3 Kf7 50. Bc7 Bd2 51. Ke2 Bc3 52. Kd3 Bb4 53. Ke3 Ke7 54.
Bb6 Bc3 55. Kd3 Bb4 56. Bc7 Bd6 57. Bxa5 Nxf4+ 58. Kc2 Bc5 59. h4 Kd6 60. Bd2
Nh5 61. Bh6 Bd4 62. Bf8+ Kc7 63. Be8 Nf6 64. Bg7 Kd6 65. h5 Ke7 66. Bg6 f4 67.
h6 e5 68. h7 Nxh7 69. Bxh7 Kd6 70. Bg6 Bb6 71. Bf8+ Ke6 72. Bb4 f3 73. Kd1 e4
74. a5 Ba7 75. Bc3 d4 76. Be1 Kd5 77. Bf2 Bc5 78. Bh7 Bb4 79. a6 Bc5 80. Ke1
Bb4+ 81. Kf1 Bc5 82. Bg6 Bb6 83. Ke1 Ba5+ 84. Kd1 Bb6 85. Bf7+ Kc6 86. Be8+ Kd5
87. Bg6 Bc5 88. Bf7+ Kc6 89. Kc1 Kb5 90. Bg6 e3 91. Bg3 Kxa6 92. Be4 f2 93. Bd3+
Kb6 94. Kc2 Kc6 95. Bc4 Bf8 96. Bh4 Bg7 97. Bf1 Kc5 98. Kd3 Kd5 99. Bh3 Bh8 100.
Bg2+ Kc5 101. Be7+ Kb6 102. Bf1 Kb5 103. Be2 Bg7 104. Ke4+ Kc6 105. Bd3 Bh8 106.
Bf1 Kb6 107. Bc4 Bg7 108. Ba3 Kc6 109. Bd3 Bf6 110. Bf8 Bh8 111. Bc4 Bf6 112.
Bf1 Bh8 113. Bd3 Bf6 114. Be2 Bh8 115. Bf1 Bf6 116. Bc4 Kb6 117. Kd5 Ka5 118.
Bc5 Bg7 119. Bxd4 Bxd4 120. Kxd4 Kb4 121. Bd3 Kb3 122. Kxe3 Kc3 123. Bf1 Kb4
124. Kxf2 Kc3 125. Ke3 Kb4 126. Kd4 Kb3 127. Kd3 Kb4 128. Bg2 Kc5 129. Kc3 Kd6
130. Kd4 Ke7 131. Ke5 Kf7 132. Be4 Kg7 133. Ke6 Kh6 134. Ke7 Kg5 135. Ke6 Kf4
136. Bb1 Kg3 137. Ke5 Kf2 138. Kf4 Ke1 139. Ke3 Kd1 140. Bc2+ Kc1 141. Kd3 Kb2
142. Kc4 Ka1 143. Kb3 1/2-1/2

[Event "Challenge"]
[Site "http://www.queenalice.com/game.php?id=1522951"]
[Date "2018.4.10"]
[Round "-"]
[White "mmagari"]
[Black "Herivelto"]
[Result "1/2-1/2"]
[WhiteElo "2475"]
[BlackElo "2332"]

1. d4 Nf6 2. Bg5 e6 3. c3 Be7 4. Nd2 h6 5. Bxf6 Bxf6 6. Ngf3 O-O 7. e4 d6 8. Be2
e5 9. O-O exd4 10. cxd4 Nc6 11. Qa4 Bd7 12. Qc4 Re8 13. Rfe1 a5 14. a3 Rb8 15.
Qd3 a4 16. Rac1 b5 17. h3 Rb7 18. Bd1 g6 19. b4 Bg7 20. Bc2 Ne7 21. e5 Rb8 22.
Ne4 Bc6 23. Bb1 Ba8 24. Qc2 Nd5 25. Ba2 dxe5 26. Nxe5 Bxe5 27. dxe5 Rxe5 28. Qb2
Re6 29. Qd4 Kh7 30. Rc5 c6 31. Rec1 Qh8 32. Qxh8+ Rxh8 33. f3 Kg7 34. Bxd5 cxd5
35. Nc3 Bc6 36. Kf2 Rhe8 37. Rd1 h5 38. Rd2 Rb8 39. Ne2 Rd6 40. Nd4 Bd7 41. h4
Rb7 42. Ke3 f6 43. Kf4 Kf7 44. Re2 Kg7 45. Rec2 Kf7 46. Re2 Kg7 47. Rd2 Kf7 48.
Re2 Kg7 49. Rec2 Kf7 50. Rc7 Rdb6 51. R2c5 Rxc7 52. Rxc7 Ke7 53. Ra7 Kd6 54. Ke3
Rb8 55. Ra6+ Ke7 56. Nc6+ Bxc6 57. Rxc6 Rg8 58. g3 1/2-1/2

[Event "Challenge"]
[Site "http://www.queenalice.com/game.php?id=1522952"]
[Date "2018.4.10"]
[Round "-"]
[White "Herivelto"]
[Black "mmagari"]
[Result "0-1"]
[WhiteElo "2340"]
[BlackElo "2462"]

1. e4 g6 2. d4 c6 3. Nf3 Bg7 4. Nc3 d5 5. e5 f6 6. exf6 exf6 7. Bd3 Nh6 8. O-O
O-O 9. Bd2 Nf7 10. Re1 Nd7 11. Na4 b5 12. Nc3 Nb6 13. b3 a5 14. h3 a4 15. Qc1
Bd7 16. Bf4 Re8 17. Qd2 Rxe1+ 18. Rxe1 Qf8 19. Re2 Qa3 20. Bc7 Nc8 21. Bg3 Bf8
22. Qd1 Ncd6 23. Bf4 axb3 24. cxb3 Nf5 25. Rc2 Ng7 26. Ne2 Qa5 27. h4 Qb6 28.
Ng3 Bg4 29. Be3 Bd6 30. Qc1 Nd8 31. Nh2 Bd7 32. Qd1 f5 33. Ne2 Nde6 34. Nf3 f4
35. Bd2 b4 36. Qa1 Rf8 37. Bc1 Nh5 38. Bb2 Qd8 39. Qb1 g5 40. Bxh7+ Kh8 41. Bg6
g4 42. Ne5 Qxh4 43. Bxh5 Bxe5 44. dxe5 Qxh5 45. Qd1 Kg7 46. Rc1 Rh8 47. Kf1 Qh1+
48. Ng1 f3 49. gxf3 Rh2 50. Ke2 c5 51. Rxc5 g3 52. Rxd5 Rxf2+ 53. Kd3 Bc6 54.
Kc4 Rxb2 55. Rd7+ Kg8 56. Rd8+ Kf7 57. Kxb4 Nxd8 58. Qxd8 Qh6 0-1

[Event "Challenge"]
[Site "http://www.queenalice.com/game.php?id=1523107"]
[Date "2018.4.11"]
[Round "-"]
[White "mmagari"]
[Black "josekasparov"]
[Result "1-0"]
[WhiteElo "2361"]
[BlackElo "2407"]

1. d4 Nf6 2. Bg5 Ne4 3. h4 c5 4. e3 Qb6 5. Nc3 Nxc3 6. bxc3 d5 7. Be2 h6 8. Bf4
Bf5 9. Rb1 Qa5 10. Rxb7 Nd7 11. g4 Be4 12. f3 e5 13. dxe5 Qxc3+ 14. Kf2 1-0

[Event "Challenge"]
[Site "http://www.queenalice.com/game.php?id=1523108"]
[Date "2018.4.11"]
[Round "-"]
[White "josekasparov"]
[Black "mmagari"]
[Result "0-1"]
[WhiteElo "2369"]
[BlackElo "2386"]

1. d4 g6 2. c4 Bg7 3. Nc3 d6 4. e4 Nc6 5. Be3 e5 6. d5 Nce7 7. Bd3 f5 8. f4 fxe4
9. Nxe4 Nf5 10. Bd2 exf4 11. Bxf4 Nf6 12. Qe2 O-O 13. O-O-O Nxe4 14. Bxe4 Re8
15. Nf3 Qf6 16. Rd2 Nd4 17. Qe3 Bf5 18. Rxd4 Bxe4 19. Bg5 Bxf3 20. Bxf6 Rxe3 21.
Bxg7 Bxg2 22. Rg1 Bxd5 23. Bh6 Rh3 24. Bf4 Bc6 25. Bg3 Re8 26. Rf1 Rh5 27. Rdf4
Ra5 28. a3 b6 29. Rf7 Bg2 30. R1f2 Rc5 31. b3 Be4 32. R2f6 Bd5 0-1

[Event "Challenge"]
[Site "http://www.queenalice.com/game.php?id=1533277"]
[Date "2018.7.1"]
[Round "-"]
[White "rsgaspar"]
[Black "mmagari"]
[Result "0-1"]
[WhiteElo "2438"]
[BlackElo "2468"]

1. e4 g6 2. d4 Bg7 3. Nf3 d6 4. c3 Nd7 5. Bc4 e6 6. O-O Ne7 7. Bf4 b6 8. Nbd2
Bb7 9. Qe2 h6 10. Bg3 a6 11. Bd3 g5 12. e5 dxe5 13. Nxe5 Nxe5 14. Bxe5 Bxe5 15.
Qxe5 Rg8 16. f3 Ng6 17. Bxg6 Rxg6 18. a4 a5 19. Nc4 Rg8 20. Rae1 Qe7 21. Ne3
O-O-O 22. Ng4 Rg6 23. Qb5 Rd5 24. Qb3 h5 25. Ne5 Rg7 26. Rf2 Kb8 27. Qc4 c5 28.
dxc5 Rxc5 29. Qd3 f6 30. Nc4 Qc7 31. Ne3 Rd7 32. Qc2 f5 33. Nf1 Re5 34. Rxe5
Qxe5 35. Qe2 Qxe2 36. Rxe2 Bd5 37. Nd2 Kc7 38. Kf2 Kd6 39. b3 e5 40. h3 h4 41.
Re3 Ke6 42. Rd3 g4 43. hxg4 fxg4 44. fxg4 Rf7+ 45. Kg1 Rg7 46. c4 Bb7 47. Nf3
Rxg4 48. Ne1 Rg3 49. Kh2 Rxd3 50. Nxd3 e4 51. Ne1 Ke5 52. Nc2 Kf4 53. b4 axb4
54. Nxb4 e3 55. Nd3+ Ke4 56. Nc1 Ba6 57. Kh3 Bxc4 58. Kxh4 e2 59. Nxe2 Bxe2 60.
g4 Bd1 61. g5 Kf5 62. Kg3 Kxg5 0-1

[Event "Challenge"]
[Site "http://www.queenalice.com/game.php?id=1533278"]
[Date "2018.7.1"]
[Round "-"]
[White "mmagari"]
[Black "rsgaspar"]
[Result "0-1"]
[WhiteElo "2419"]
[BlackElo "2452"]

1. d4 d5 2. Bg5 Nc6 3. e3 f6 4. Bh4 e5 5. dxe5 Nxe5 6. Nf3 Nxf3+ 7. Qxf3 Nh6 8.
h3 Nf5 9. Bd3 Nxh4 10. Qh5+ g6 11. Qxh4 Bg7 12. c4 f5 13. Qxd8+ Kxd8 14. Nc3
dxc4 15. Bxc4 c6 16. O-O-O+ Kc7 17. a4 Bd7 18. Kc2 Rhe8 19. h4 Bf6 20. g3 a5 21.
Ne2 Rad8 22. Nf4 Re4 23. b3 Be7 24. Rd2 Bb4 25. Rd3 Rf8 26. Rhd1 Bc8 27. Kb2 Re7
28. Rd4 Re4 29. R4d2 Bxd2 30. Rxd2 Ree8 0-1

[Event "Challenge"]
[Site "http://www.queenalice.com/game.php?id=1533279"]
[Date "2018.7.1"]
[Round "-"]
[White "mmagari"]
[Black "shogun"]
[Result "1-0"]
[WhiteElo "2423"]
[BlackElo "2529"]

1. g3 Nc6 2. Bg2 Nf6 3. d3 d5 4. Nd2 e5 5. e3 Bg4 6. Ne2 Qd7 7. h3 Be6 8. b3
O-O-O 9. Bb2 Bc5 10. a3 d4 11. e4 g5 12. b4 Be7 13. b5 Nb8 14. a4 Bb4 15. Qc1 g4
16. hxg4 Nxg4 17. Ba3 Ba5 18. Kf1 f5 19. exf5 Qf7 20. Kg1 Qxf5 21. Ne4 h6 22.
Qf1 Nd7 23. Nc1 Qf7 24. Qe2 Rdg8 25. Nb3 Bxb3 26. cxb3 Qxb3 27. Qf3 Qe6 28. Rc1
Kd8 29. Nc5 Nxc5 30. Bxc5 b6 31. Qa8+ Qc8 32. Qxa7 bxc5 33. Qxa5 Qf5 34. Rc2 c4
35. b6 cxb6 36. Qxb6+ Ke7 37. Qb4+ Kf6 38. Bd5 Rd8 39. Qxc4 h5 40. Qa6+ Ke7 41.
Qb7+ Rd7 42. Qb4+ Kf6 43. Be4 Qg5 44. Rc6+ Kg7 45. Qb5 Qe7 46. Rg6+ Kf8 47. Rxg4
Rd6 48. f4 Qd7 49. Qxe5 Rhh6 50. Rg5 Rde6 51. Rf5+ Ke8 52. Qb8+ Qd8 53. Rf8+
Kxf8 54. Qxd8+ Re8 55. Qd7 Re7 56. Qc8+ 1-0

[Event "Challenge"]
[Site "http://www.queenalice.com/game.php?id=1533280"]
[Date "2018.7.1"]
[Round "-"]
[White "shogun"]
[Black "mmagari"]
[Result "0-1"]
[WhiteElo "2536"]
[BlackElo "2413"]

1. e4 g6 2. d4 Bg7 3. Nf3 d6 4. Nc3 Nd7 5. Bc4 e6 6. O-O a6 7. a4 b6 8. e5 Ne7
9. exd6 cxd6 10. Ne4 Nf6 11. Nxf6+ Bxf6 12. d5 e5 13. c3 O-O 14. Qb3 Rb8 15. Ng5
Bg7 16. Ne4 Qc7 17. Be3 f5 18. Ng5 Bf6 19. Ne6 Bxe6 20. dxe6 f4 21. Bc1 Qc8 22.
Re1 Rd8 23. Bf1 d5 24. g3 fxg3 25. hxg3 Nf5 26. Rd1 Qxe6 27. Bxa6 h5 28. Bf1 h4
29. Bg2 e4 30. Bf4 hxg3 31. Bxb8 gxf2+ 32. Kxf2 Ne3 33. Bh2 Bh4+ 34. Kg1 Nxg2
35. Qc2 Ne3 36. Qe2 Nxd1 37. Rxd1 e3 38. Rd4 Bf2+ 39. Kg2 Kg7 40. Rf4 Rh8 41.
Rxf2 Qh3+ 42. Kh1 exf2 43. Qe5+ Kh7 44. Qc7+ Kh6 45. Qf4+ Kh5 46. Qxf2 Re8 47.
b4 Qd3 48. Bg3 Re2 0-1

[Event "Challenge"]
[Site "http://www.queenalice.com/game.php?id=1543279"]
[Date "2018.9.22"]
[Round "-"]
[White "mmagari"]
[Black "kasker"]
[Result "0-1"]
[WhiteElo "2460"]
[BlackElo "2502"]

1. g3 d5 2. d3 Nf6 3. Bg2 e5 4. Nd2 Bc5 5. e3 O-O 6. Ne2 Nc6 7. a3 a5 8. b3 d4
9. e4 Ne8 10. f4 Nd6 11. O-O Ra6 12. fxe5 Nxe5 13. h3 Nb5 14. Kh2 f6 15. Bb2 Be6
16. a4 Na7 17. Nf3 Nxf3+ 18. Bxf3 Nc6 19. Nf4 Bf7 20. Bh5 g6 21. Bf3 Ne5 22. Bg2
Rd6 23. Rf2 h5 24. Qe2 c6 25. Raf1 Kg7 26. Kg1 Bb4 27. Qd1 Rh8 28. Ne2 h4 29. g4
g5 30. Qa1 Bc5 31. Kh1 Re8 32. Ng1 Ba7 33. Nf3 Nxf3 0-1

[Event "Challenge"]
[Site "http://www.queenalice.com/game.php?id=1543280"]
[Date "2018.9.22"]
[Round "-"]
[White "mmagari"]
[Black "bobrich18"]
[Result "1-0"]
[WhiteElo "2448"]
[BlackElo "2410"]

1. g3 d5 2. d3 e5 3. Bg2 Nc6 4. Nd2 Nf6 5. e3 Be7 6. Ne2 O-O 7. a3 a5 8. b3 Bf5
9. Bb2 Qd7 10. h3 a4 11. b4 Rfd8 12. g4 Be6 13. Nf3 e4 14. Ng5 Qe8 15. Nxe6 fxe6
16. O-O Bd6 17. g5 exd3 18. cxd3 Nd7 19. Rc1 Qf7 20. Nc3 Nb6 21. Nb5 Rf8 22. f4
Rac8 23. Bf3 Qd7 24. Bg4 Ne7 25. Nxd6 cxd6 26. Rxc8 Nexc8 27. Qc2 Ne7 28. e4
dxe4 29. Qc3 Rf7 30. dxe4 Nc6 31. Rc1 Qe7 32. b5 Nb8 33. Qe3 N8d7 34. Bd4 Na8
35. Rc8+ Rf8 36. Qc3 e5 37. Bf2 Ndb6 38. Rxf8+ Kxf8 39. fxe5 Qxe5 40. Qa5 Qa1+
41. Kg2 Qxa3 42. Qa7 Qa2 43. Qb8+ Ke7 44. Qxb7+ 1-0

[Event "Challenge"]
[Site "http://www.queenalice.com/game.php?id=1543281"]
[Date "2018.9.22"]
[Round "-"]
[White "bobrich18"]
[Black "mmagari"]
[Result "0-1"]
[WhiteElo "2418"]
[BlackElo "2440"]

1. f4 g6 2. Nf3 Bg7 3. e3 d6 4. Nc3 Nd7 5. d4 e6 6. e4 Ne7 7. Be3 d5 8. e5 b6 9.
Qd2 h5 10. Bf2 c5 11. Bh4 a6 12. dxc5 bxc5 13. Bd3 O-O 14. O-O Bb7 15. Rad1 Re8
16. Ng5 c4 17. Be2 Nf5 18. Bf2 Qc7 19. Na4 Bh6 20. b3 Bxg5 21. fxg5 Bc6 22. Nc5
Nxc5 23. Bxc5 Qxe5 24. Bf3 Qc7 25. Bf2 cxb3 26. cxb3 Rac8 27. Rfe1 e5 28. Be2
Bb7 29. Qb4 d4 30. Bf1 Qd7 31. Rd2 h4 32. h3 Qd5 33. Red1 Rc7 34. a4 Rec8 35.
Qb6 Rc2 36. Rd3 Rxf2 37. Kxf2 Ne3 0-1

[Event "AUTO-ELITE-2036"]
[Site "http://www.queenalice.com/game.php?id=1543880"]
[Date "2018.9.27"]
[Round "1"]
[White "trompmaster"]
[Black "mmagari"]
[Result "0-1"]
[WhiteElo "2416"]
[BlackElo "2455"]

1. Nf3 g6 2. d4 Bg7 3. c4 d6 4. Nc3 Nd7 5. e4 e6 6. Be2 Ne7 7. h4 h6 8. Bf4 b6
9. Qa4 Bb7 10. O-O-O O-O 11. g4 Nf6 12. g5 Nxe4 13. Nxe4 Bxe4 14. gxh6 Bf6 15.
h5 b5 16. Qxb5 Rb8 17. Qa5 Nc6 18. Qd2 Nb4 19. b3 c5 20. hxg6 Qa5 21. Rdg1 Nxa2+
22. Kd1 Nc3+ 23. Ke1 fxg6 24. Kf1 Rxb3 25. dxc5 Qa1+ 26. Kg2 Nxe2 27. Qxe2 Bxf3+
28. Qxf3 Rxf3 29. Rxa1 Rxf4 30. Rxa7 Be5 31. Ra2 dxc5 32. Rh3 Rxc4 33. Re3 Rg4+
34. Kf1 Bd4 35. Rxe6 Kh7 36. Re7+ Kxh6 0-1

[Event "AUTO-ELITE-2036"]
[Site "http://www.queenalice.com/game.php?id=1543881"]
[Date "2018.9.27"]
[Round "1"]
[White "mmagari"]
[Black "trompmaster"]
[Result "1-0"]
[WhiteElo "2433"]
[BlackElo "2430"]

1. g3 d5 2. d3 Nf6 3. Bg2 c6 4. Nd2 e5 5. e3 Bd6 6. b3 Be6 7. Bb2 Nbd7 8. Ne2 h5
9. h3 Qc7 10. O-O h4 11. g4 Nxg4 12. hxg4 Bxg4 13. Bf3 Bxf3 14. Nxf3 f6 15. c4
e4 16. dxe4 dxe4 17. Nfd4 Kf7 18. b4 Bxb4 19. c5 Nxc5 20. Qc2 Nd3 21. Qc4+ Ke8
22. Nf5 Nxb2 23. Qxb4 Qe5 24. Qxb7 Rb8 25. Qxc6+ Kf8 26. Qd7 Rh7 27. Nf4 Qe8 28.
Qd6+ Kf7 29. Qd5+ Kf8 30. Nd6 Rh5 31. Nxh5 1-0

[Event "AUTO-ELITE-2036"]
[Site "http://www.queenalice.com/game.php?id=1543884"]
[Date "2018.9.27"]
[Round "1"]
[White "Matt24"]
[Black "mmagari"]
[Result "1-0"]
[WhiteElo "2571"]
[BlackElo "2466"]

1. d4 g6 2. e4 Bg7 3. Nc3 d6 4. Nf3 Nd7 5. Be2 e6 6. O-O Ne7 7. Bg5 h6 8. Be3 b6
9. Qd2 Bb7 10. Rfe1 a6 11. h3 g5 12. a4 Ng6 13. d5 O-O 14. Nd4 Qf6 15. g3 exd5
16. Nxd5 Bxd5 17. exd5 Rfe8 18. b4 Rxe3 19. fxe3 Qe5 20. Kh2 1-0

[Event "AUTO-ELITE-2036"]
[Site "http://www.queenalice.com/game.php?id=1543885"]
[Date "2018.9.27"]
[Round "1"]
[White "mmagari"]
[Black "Matt24"]
[Result "0-1"]
[WhiteElo "2472"]
[BlackElo "2565"]

1. g3 d5 2. d3 Nf6 3. Bg2 e5 4. Nd2 Bc5 5. e3 O-O 6. a3 a5 7. b3 Bg4 8. Ne2 Nc6
9. Bb2 d4 10. e4 Qe7 11. h3 Bd7 12. f4 Ra6 13. O-O h6 14. Kh1 exf4 15. gxf4 Be6
16. Qe1 Rd8 17. Qg3 Nh5 18. Qf2 f6 19. Bf3 Bf7 20. Rg1 Qe8 0-1